部首为饣的常见中文汉字 Common Chinese characters with the radical “Food” - Statistics

General Stats
  • This quiz has been taken 39 times
  • The average score is 17 of 39
Answer Stats
拼音首字母 笔画数 汉字 % Correct
y 7
94%
e 10 饿
83%
b 8
74%
j 9
74%
b 9
71%
f 7
71%
j 5
66%
m 14
60%
n 25
60%
x 11
60%
h 11
54%
r 9
54%
t 7
54%
ɡ 11
49%
m 13
49%
z 15
49%
e 9
46%
c 12
40%
j 8
40%
r 7
40%
s 8
40%
x 13
40%
b 10
37%
s 8
37%
s 9
37%
j 14
34%
k 12
34%
l 13
31%
n 10
31%
s 12
31%
y 8
31%
x 9
29%
z 12
26%
t 6
23%
y 7
23%
c 7
20%
y 10
20%
x 7
17%
s 15
11%
No matching quizzes found
Score Distribution
Percent of People with Each Score
Percentile by Number Answered
Your Score History
You have not taken this quiz